Statistics for Famous People N to Z + Nato Code N to Z

Click here to take the quiz!

General Stats

  • This quiz has been taken 14 times
  • The average score is 36 of 74

Answer Stats

Hint Answer % Correct
Gravity - appleNewton, Isaac
100%
FacebookZuckerberg, Mark
92%
Supreme ruler of the Ancient Greek GodsZeus
85%
Able was I ere I saw ElbaNapoleon, Bonaparte
85%
Teacher of PlatoSocrates
77%
1984Orwell, George
77%
Cubism paintingPicasso, Pablo
77%
Starry Night - No earVan Gogh, Vincent
77%
'Journey to the Centre of the Earth'Verne, Jules
77%
'To be, or not to be'Shakespeare, William
77%
R ---- NATO phonetic alphabetROMEO
69%
X ---- NATO phonetic alphabetX-RAY
69%
'One Ring to rule them all"Tolkien, John
69%
Der Ring des Nibelungen - ComposerWagner, Richard
69%
T ---- NATO phonetic alphabetTANGO
69%
E.T. - Jaws - Jurassic Park etc.Spielberg, Steven
69%
China's PresidentXi, Jinping
69%
A dynamite nameNobel, Alfred
69%
W ----- NATO phonetic alphabetWHISKEY
62%
Quoth the Raven “Nevermore.”Poe, Edgar Allan
62%
O ----- NATO phonetic alphabetOSCAR
62%
Discovered X-RaysRoentgen, Wilhelm
62%
Z ---- NATO phonetic alphabetZULU
62%
Safe ElevatorsOtis, Elisha Graves
54%
N ------ NATO phonetic alphabetNOVEMBER
54%
War and PeaceTolstoy, Leo
54%
U ---- NATO phonetic alphabetUNIFORM
54%
V ---- NATO phonetic alphabetVICTOR
54%
P ---- NATO phonetic alphabetPAPA
54%
Tom SawyerTwain, Mark
54%
Immunology and the fight against germs.Pasteur, Louis
54%
The voice from ItalyPavarotti, Luciano
54%
Hid in the Trojan HorseUlysses
54%
Y ---- NATO phonetic alphabetYANKEE
54%
Q ---- NATO phonetic alphabetQUEBEC
54%
S ---- NATO phonetic alphabetSIERRA
54%
Anyone for Quidditch?Rowling, Joanne
54%
Philosopher of the 'Republic'Plato
54%
Steam EngineWatt, James
46%
Alternating CurrentTesla, Nikola
46%
Tuscan capital + song bird:Nightingale, Florence
46%
"England expects that every man will do his duty"Nelson, Horatio
46%
Ran 100 metres against Hitler....... and wonOwens, Jesse
46%
'Girl with a Pearl Earing'Vermeer, Jan
38%
"In the future everyone will be famous for 15 minutes"Warhol, Andy
38%
"J'Accuse"....... He was a moment in the human conscienceZola, Emile
38%
Build a Rocket - All is forgivenVon Braun, Werner
38%
Adventurer, fighter, lover and Elizabeth I's favouriteRaleigh, Walter
38%
Discovered the atomic nucleus etc.Rutherford, Ernest
38%
Signed armistice with Richard Ist (ending Crusade)Saladin, Al-Ayyubi
38%
'The Time Machine'Wells, H.G.
38%
Airplane - the beginningWright, Wilbur & Orville
38%
Popular face of Polands Struggle in the 80sWalesa, Lech
31%
1812-Overture ........ Winter DreamsTchaikovsky, Peter
31%
I am become death, the destroyer of worlds.Oppenheimer, J. Robert
31%
First practical programmed computerTuring, Alan
31%
Made the 'Sitar' popularShankar, Rabindra (Ravi)
31%
Hero to the Mexican poorVilla, Pancho
31%
"Man is born free and everywhere he is in chains"Rousseau, Jean-Jacques
23%
Broke the Sound Barrier 1947Yeager, Chuck
23%
Early Mormon Leader - Chose Salt Lake CityYoung, Brigham
23%
Built the first 'Battery'Volta, Alessandro
23%
'The Importance of being Earnest"Wilde, Oscar
23%
A Diary and the Fire of LondonPepys, Samuel
23%
Seer of Seers?Nostradamus
23%
The JFK MovieZapruder, Abraham
23%
The Little Sparrow?Piaf, Edith
15%
Cellist - French Born AmericanYo-Yo Ma
15%
Vaccine against PolioSalk Jonas
15%
ExodusUris, Leon
15%
Taught Confucious 'The Way'Tzu, Lao
15%
Watercolourist - Laid the foundations for impressionistsTurner, Joseph
15%
Cotton GinWhitney, Eli
15%
Popular painter and illustrator of American cultureRockwell, Norman
15%

Score Distribution

Percentile by Number Answered

Percent of People with Each Score

Your Score History

You have not taken this quiz